MEDICAL PHYSIOLOGY FOR UNDERGRADUATE STUDENTS (Record no. 14110)

MARC details
000 -LEADER
fixed length control field 00326nam a22001457a 4500
003 - CONTROL NUMBER IDENTIFIER
control field SGT
082 ## - DEWEY DECIMAL CLASSIFICATION NUMBER
Classification number 612
Item number M17K
100 ## - MAIN ENTRY--PERSONAL NAME
Personal name KHURANA, INDU
245 ## - TITLE STATEMENT
Title MEDICAL PHYSIOLOGY FOR UNDERGRADUATE STUDENTS
250 ## - EDITION STATEMENT
Edition statement 1ST
260 ## - PUBLICATION, DISTRIBUTION, ETC. (IMPRINT)
Place of publication, distribution, etc INDIA
Name of publisher, distributor, etc ELSEVIER
Year of Publication 2017
300 ## - PAGE DESCRIPTION
No. of Pages 1002
650 ## - SUBJECT ADDED ENTRY--TOPICAL TERM
Topical term or geographic name as entry element PHYSIOLOGY
942 ## - ADDED ENTRY ELEMENTS (KOHA)
Source of classification or shelving scheme Dewey Decimal Classification
Koha item type Books
942 ## - ADDED ENTRY ELEMENTS (KOHA)
-- 157
Holdings
Withdrawn status Lost status Source of classification or shelving scheme Damaged status Not for loan Collection code Home library Current library Shelving location Date acquired Vendor Name Cost, normal purchase price SGTU Bill Number Total Checkouts Full call number Accession No. (Barcode) Date last seen Date last borrowed Bill Date Koha item type Total Renewals
    Dewey Decimal Classification     MEDICAL SGT Medical Library SGT Medical Library Text Book 21/12/2017 ABC DELHI 1345.00 SGTU 8923 16 612 M17K FM10151 02/02/2026 02/02/2026   Books  
    Dewey Decimal Classification     MEDICAL SGT Medical Library SGT Medical Library Text Book 21/12/2017 ABC DELHI 1345.00 SGTU 8923 34 612 M17K FM10152 20/05/2025 23/04/2025   Books  
    Dewey Decimal Classification     MEDICAL SGT Medical Library SGT Medical Library Text Book 21/12/2017 ABC DELHI 1345.00 SGTU 8923 21 612 M17K FM10153 26/03/2026 20/03/2026   Books 1
    Dewey Decimal Classification     MEDICAL SGT Medical Library SGT Medical Library Text Book 21/12/2017 ABC DELHI 1345.00 SGTU 8923 27 612 M17K FM10154 30/03/2026 28/03/2026   Books  
    Dewey Decimal Classification     MEDICAL SGT Medical Library SGT Medical Library Text Book 21/12/2017 ABC DELHI 1345.00 SGTU 8923 49 612 M17K FM10155 17/05/2025 28/04/2025   Books  
    Dewey Decimal Classification     MEDICAL SGT Medical Library SGT Medical Library Text Book 21/12/2017 ABC DELHI 1345.00 SGTU 8923 25 612 M17K FM10156 21/05/2026 30/04/2026   Books  
    Dewey Decimal Classification     MEDICAL SGT Medical Library SGT Medical Library Text Book 21/12/2017 ABC DELHI 1345.00 SGTU 8923 27 612 M17K FM10157 25/10/2023 11/10/2023   Books  
    Dewey Decimal Classification     MEDICAL SGT Medical Library SGT Medical Library Text Book 21/12/2017 ABC DELHI 1345.00 SGTU 8923 22 612 M17K FM10158 27/05/2026 20/05/2026   Books  
    Dewey Decimal Classification     MEDICAL SGT Medical Library SGT Medical Library Text Book 21/12/2017 ABC DELHI 1345.00 SGTU 8923 23 612 M17K FM10159 07/03/2026 26/02/2026   Books 1
    Dewey Decimal Classification     MEDICAL SGT Medical Library SGT Medical Library Text Book 21/12/2017 ABC DELHI 1345.00 SGTU 8923 30 612 M17K FM10160 27/02/2026 17/02/2026   Books 1